000 00561nam a2200217 a 4500
001 nice12345678
003 IN_TiNIC
005 20260116014633.0
008 070427s2006 newa grp 000 0 eng
020 _a8173046646
_c795
082 0 0 _a307.720954
_bVOR
100 _aVora, Rajendra
245 _aRegion, Culture and Politics in India
260 _aNew Delhi
_bManohar Pub.
_c2006
300 _a380p
500 _aincludes index and biblioraphy
650 _aIndia-Social Life and Customs
902 _bSRS
942 _cBK
999 _c16326
_d16326